| 000 | 00478nam a2200169Ia 4500 | ||
|---|---|---|---|
| 999 |
_c12081 _d12081 |
||
| 003 | OSt | ||
| 005 | 20201020095131.0 | ||
| 008 | 190216s9999||||xx |||||||||||||| ||und|| | ||
| 040 | _coclc | ||
| 082 |
_a294.521 _bGAN/S |
||
| 100 |
_aGandhi, M K _93322 |
||
| 245 | 4 |
_aThe Supreme Power / _cM K Gandhi |
|
| 260 |
_bPearl Publications, _c1963. _aBombay: |
||
| 300 | _a222p | ||
| 650 | _aEnglish Literature | ||
| 942 |
_cBK _2ddc _h294.521 _iGAN/S _k294.521 _mGAN/S |
||